[Event "European Rapid 2014"]
[Site "Wroclaw POL"]
[Date "2014.12.20"]
[Round "4.3"]
[White "Loginov, Valery A"]
[Black "Riazantsev, Alexander"]
[Result "1/2-1/2"]
[WhiteTitle "GM"]
[BlackTitle "GM"]
[WhiteElo "2486"]
[BlackElo "2684"]
[WhiteFideId "4126297"]
[BlackFideId "4125029"]
[EventDate "2014.12.20"]

1. e4 c6 2. d4 d5 3. exd5 cxd5 4. Bd3 Nc6 5. c3 Nf6 6. Bf4 Bg4 7. Qb3 Qd7 8. Nd2
e6 9. h3 Bh5 10. Ngf3 Bd6 11. Bxd6 Qxd6 12. Qxb7 Rb8 13. Qa6 Bxf3 14. Nxf3 O-O
15. O-O Rb6 16. Qa3 Qxa3 17. bxa3 Rc8 18. Rfc1 Na5 19. Ne5 Kf8 20. Rab1 Rxb1 21.
Rxb1 Rxc3 22. Rb8+ Ke7 23. Rb5 Nd7 24. Rxa5 Nxe5 25. Rxa7+ Kf8 26. Ra8+ Ke7 27.
Ra7+ Kf8 1/2-1/2

[Event "European Rapid 2014"]
[Site "Wroclaw POL"]
[Date "2014.12.20"]
[Round "4.4"]
[White "Efimenko, Zahar"]
[Black "Warakomski, Tomasz"]
[Result "1/2-1/2"]
[WhiteTitle "GM"]
[BlackTitle "IM"]
[WhiteElo "2643"]
[BlackElo "2456"]
[WhiteFideId "14107201"]
[BlackFideId "1124552"]
[EventDate "2014.12.20"]

1. e4 g6 2. d4 Bg7 3. Nc3 d6 4. Be3 a6 5. a4 b6 6. Nf3 Bb7 7. Bd3 Nc6 8. O-O Nf6
9. h3 O-O 10. Qd2 Nb4 11. Bh6 c5 12. Bxg7 Kxg7 13. d5 e6 14. Bc4 exd5 15. exd5
b5 16. axb5 axb5 17. Rxa8 Bxa8 18. Nxb5 Nbxd5 19. Rd1 Ne4 20. Qc1 Nb6 21. Bd3
Nf6 22. Qf4 Bxf3 23. Qxf3 d5 24. Bf1 Nbd7 25. b3 Qb8 26. Ra1 Re8 27. Nc3 Ne5 28.
Qg3 d4 29. Na4 Qb4 30. Rd1 Nd5 31. Qg5 Nc3 32. Nxc3 Qxc3 33. Qd2 Qxd2 34. Rxd2
Nc6 35. Rd1 1/2-1/2

[Event "European Rapid 2014"]
[Site "Wroclaw POL"]
[Date "2014.12.20"]
[Round "4.5"]
[White "Czakon, Jakub"]
[Black "Vallejo Pons, Francisco"]
[Result "1/2-1/2"]
[WhiteTitle "IM"]
[BlackTitle "GM"]
[WhiteElo "2479"]
[BlackElo "2705"]
[WhiteFideId "1120840"]
[BlackFideId "2205530"]
[EventDate "2014.12.20"]

1. f4 d5 2. Nf3 Nf6 3. g3 Bg4 4. Bg2 Nbd7 5. O-O c6 6. d3 Bxf3 7. Bxf3 e5 8. e4
dxe4 9. dxe4 Qc7 10. Qe2 O-O-O 11. f5 h5 12. Nd2 g5 13. fxg6 fxg6 14. Nc4 Bc5+
15. Kg2 h4 16. Bg5 hxg3 17. hxg3 Rdf8 18. c3 Rh7 19. b4 Be7 20. Be3 Kb8 21. a4
Nb6 22. a5 Nxc4 23. Qxc4 Qc8 24. Rh1 Rxh1 25. Rxh1 Ng4 26. Bg1 Qd7 27. Qe2 Nf6
28. Bf2 Rd8 29. Qe3 c5 30. Rd1 Qc7 31. Rxd8+ Qxd8 32. Qg5 cxb4 33. Qxe5+ Qd6 34.
Qb5 a6 35. Qe2 Nd7 36. Qe3 b3 37. Qa7+ Kc8 38. e5 Qb8 39. e6 Qxa7 40. exd7+ Kb8
41. Bxa7+ Kxa7 42. Be4 g5 43. Kf3 Bd8 44. Ke2 Bxa5 45. Kd3 b5 46. Bd5 b2 47. Kc2
Kb8 48. Kxb2 Kc7 49. d8=Q+ Kxd8 50. Bb7 Bc7 51. Bxa6 1/2-1/2

[Event "European Rapid 2014"]
[Site "Wroclaw POL"]
[Date "2014.12.20"]
[Round "4.6"]
[White "Socko, Bartosz"]
[Black "Berzinsh, Roland"]
[Result "1-0"]
[WhiteTitle "GM"]
[BlackTitle "IM"]
[WhiteElo "2617"]
[BlackElo "2395"]
[WhiteFideId "1107038"]
[BlackFideId "11600357"]
[EventDate "2014.12.20"]

1. e4 e5 2. Nf3 d6 3. d4 exd4 4. Nxd4 Nf6 5. Nc3 Be7 6. g3 O-O 7. Bg2 Re8 8. O-O
c6 9. Re1 Bf8 10. h3 Na6 11. b3 g6 12. Bb2 Bg7 13. Qd2 Nc5 14. Rad1 a5 15. Ba3
Qb6 16. g4 Bd7 17. g5 Nh5 18. Nde2 Rad8 19. Qe3 Bf8 20. Nc1 Qc7 21. Nd3 b6 22.
Nxc5 bxc5 23. Ne2 Bg7 24. Bf3 d5 25. Bxc5 Qb8 26. Ba7 Qa8 27. Bb6 Rb8 28. Bd4
Bxd4 29. Qxd4 Ng7 30. exd5 Nf5 31. Qf6 Nh4 32. Bh1 Rbc8 33. Nf4 Bf5 34. dxc6
Bxc2 35. Rc1 Rxe1+ 36. Rxe1 Re8 37. Rc1 Be4 38. Bxe4 Rxe4 39. Nd5 Qe8 40. c7
Re1+ 41. Rxe1 Qxe1+ 42. Kh2 1-0

[Event "European Rapid 2014"]
[Site "Wroclaw POL"]
[Date "2014.12.20"]
[Round "4.7"]
[White "Wojtaszek, Radoslaw"]
[Black "Pakleza, Zbigniew"]
[Result "1-0"]
[WhiteTitle "GM"]
[BlackTitle "IM"]
[WhiteElo "2744"]
[BlackElo "2498"]
[WhiteFideId "1118358"]
[BlackFideId "1119290"]
[EventDate "2014.12.20"]

1. d4 d5 2. c4 c6 3. Nf3 Nf6 4. Nc3 Qb6 5. Qa4 e6 6. e3 Nbd7 7. Qc2 Be7 8. Bd3
O-O 9. O-O dxc4 10. Bxc4 c5 11. Rd1 a6 12. d5 exd5 13. Bxd5 Bd6 14. e4 Ne5 15.
Nxe5 Bxe5 16. h3 Bd4 17. Bf4 Be6 18. Bxe6 Qxe6 19. Ne2 Rac8 20. Nxd4 cxd4 21.
Qd3 Rfd8 22. f3 h6 23. Rd2 Nh5 24. Bh2 Qf6 25. e5 Qg5 26. Rad1 Nf4 27. Qe4 Nxh3+
28. Kf1 Rc1 29. f4 Rxd1+ 30. Rxd1 Qh5 31. Qe2 Nxf4 32. Bxf4 Qf5 33. Qf3 d3 34.
Kf2 b5 35. b3 f6 36. Bg3 Qg6 37. exf6 Rf8 38. Qxd3 Rxf6+ 39. Kg1 Qg4 40. Re1 Rg6
41. Qd5+ Kh7 42. Re3 h5 43. Qf3 Qg5 44. Bf2 Rd6 45. Qe4+ Kh6 46. Rg3 1-0

[Event "European Rapid 2014"]
[Site "Wroclaw POL"]
[Date "2014.12.20"]
[Round "4.8"]
[White "Alekseev, Evgeny"]
[Black "Stachowiak, Kamil"]
[Result "1-0"]
[WhiteTitle "GM"]
[BlackTitle "IM"]
[WhiteElo "2679"]
[BlackElo "2449"]
[WhiteFideId "4138147"]
[BlackFideId "1119966"]
[EventDate "2014.12.20"]

1. e4 c5 2. Nf3 e6 3. d4 cxd4 4. Nxd4 Nc6 5. Nc3 Qc7 6. Be2 a6 7. O-O Nf6 8. Be3
Be7 9. f4 d6 10. Qe1 O-O 11. Qg3 Nxd4 12. Bxd4 b5 13. a3 Bb7 14. Kh1 Rad8 15.
Rae1 Rfe8 16. Bd3 Rd7 17. a4 b4 18. Na2 d5 19. Bxf6 Bxf6 20. e5 Bd8 21. Nxb4 Qa5
22. c3 d4 23. f5 exf5 24. Bxf5 Rde7 25. Qh3 g6 26. Bd7 Rf8 27. e6 f5 28. Bc6 Qb6
29. Bxb7 Qxb7 30. Qf3 dxc3 31. bxc3 Qxf3 32. Rxf3 Rfe8 33. Rfe3 Kg7 34. Nd5 Rb7
35. e7 Ba5 36. Re6 1-0

[Event "European Rapid 2014"]
[Site "Wroclaw POL"]
[Date "2014.12.20"]
[Round "4.9"]
[White "Duda, Jan-Krzysztof"]
[Black "Bartel, Mateusz"]
[Result "1-0"]
[WhiteTitle "GM"]
[BlackTitle "GM"]
[WhiteElo "2603"]
[BlackElo "2664"]
[WhiteFideId "1170546"]
[BlackFideId "1112635"]
[EventDate "2014.12.20"]

1. e4 e5 2. Nf3 Nc6 3. Bb5 a6 4. Ba4 Nf6 5. O-O Be7 6. Re1 b5 7. Bb3 d6 8. c3
O-O 9. h3 Na5 10. Bc2 c5 11. d4 Nd7 12. Nbd2 exd4 13. cxd4 Nc6 14. d5 Nce5 15.
a4 Bb7 16. Nxe5 Nxe5 17. f4 Ng6 18. Nf3 Re8 19. Kh2 Bf6 20. Rb1 Qc7 21. b3 Rad8
22. Bd3 Qd7 23. Bd2 Rc8 24. Qc2 Rb8 25. Rbd1 Nh4 26. Ng1 Ng6 27. Ne2 Bc8 28.
axb5 axb5 29. Ng3 Bh4 30. Rf1 Bxg3+ 31. Kxg3 Ra8 32. Kh2 Bb7 33. f5 Ne5 34. f6
g6 35. Bc3 h6 36. Rf4 b4 37. Bd2 Qd8 38. Bb5 Rf8 39. Rdf1 Qa5 40. Be2 Qa2 41.
Qd1 g5 42. Rf5 Ng6 43. Bd3 Kh7 44. Bxg5 Rh8 45. Bxh6 Kg8 46. R5f2 Qa5 47. Bc1
Qd8 48. e5 Nxe5 49. Qd2 Kf8 50. Qg5 Rg8 51. Qh6+ Ke8 52. Bb5+ 1-0

[Event "European Rapid 2014"]
[Site "Wroclaw POL"]
[Date "2014.12.20"]
[Round "4.10"]
[White "Georgiadis, Nico"]
[Black "Moiseenko, Alexander"]
[Result "1/2-1/2"]
[WhiteTitle "IM"]
[BlackTitle "GM"]
[WhiteElo "2465"]
[BlackElo "2692"]
[WhiteFideId "1300113"]
[BlackFideId "14102560"]
[EventDate "2014.12.20"]

1. Nf3 c5 2. b3 Nc6 3. Bb2 d6 4. e3 e5 5. d3 f5 6. g3 Nf6 7. Bg2 Be7 8. O-O O-O
9. c4 f4 10. exf4 exf4 11. Nc3 Bg4 12. h3 Bh5 13. g4 Bg6 14. d4 cxd4 15. Nxd4
Qd7 16. Nxc6 bxc6 17. Qf3 Rac8 18. Rfe1 Bd8 19. Rad1 Ba5 20. a3 Bc2 21. b4 Bxd1
22. Rxd1 Bd8 23. g5 Ne8 24. h4 Qf7 25. Re1 Rc7 26. Bh3 Kh8 27. Be6 Qg6 28. Bg4
Re7 29. Rxe7 Bxe7 30. Qxc6 Nf6 31. Bf3 h6 32. Qc7 hxg5 33. hxg5 Qxg5+ 34. Kf1
Re8 35. Qxa7 Ng4 36. Qd7 Nh2+ 37. Ke2 Qe5+ 38. Be4 Bh4 39. f3 Nxf3 40. Kxf3 Qh5+
41. Qg4 Qh6 42. Nd5 Bg5 43. Bxg7+ Kxg7 44. Qd7+ Kf8 45. Qf5+ Kg7 46. Qd7+ Kf8
47. Qf5+ Kg8 48. Qg6+ Qxg6 49. Bxg6 Ra8 50. Kg4 Bh6 51. Nxf4 Rxa3 52. Nd5 Bg7
53. Kf5 Bf8 54. Ke6 1/2-1/2

[Event "European Rapid 2014"]
[Site "Wroclaw POL"]
[Date "2014.12.20"]
[Round "4.11"]
[White "Fedorchuk, Sergey A."]
[Black "Socko, Monika"]
[Result "1-0"]
[WhiteTitle "GM"]
[BlackTitle "GM"]
[WhiteElo "2669"]
[BlackElo "2470"]
[WhiteFideId "14102536"]
[BlackFideId "1106619"]
[EventDate "2014.12.20"]

1. e4 e6 2. d4 d5 3. Nd2 Nf6 4. e5 Nfd7 5. Ngf3 c5 6. c3 Nc6 7. Bd3 a5 8. a4
cxd4 9. cxd4 Nb4 10. Bb5 Be7 11. O-O O-O 12. Nb1 Nb8 13. Nc3 N8c6 14. Re1 Bd7
15. Bf4 Rc8 16. Qd2 Na7 17. Bf1 Nac6 18. h3 Qb6 19. Bb5 Nb8 20. Bf1 N8c6 21. Be3
f5 22. exf6 Bxf6 23. Rad1 Be8 24. Bf4 Bh5 25. g4 Bf7 26. Nb5 Bg6 27. Nd6 Rcd8
28. Rxe6 Bc2 29. Rde1 Bxd4 30. Bg2 Bxb2 31. Nb5 Qc5 32. Bd6 Rxd6 33. Rxd6 Nd3
34. Re2 Bxa4 35. Qxd3 Bxb5 36. Qc2 Qxd6 37. Ng5 g6 38. Re6 Qd8 39. Rxg6+ Bg7 40.
Rxg7+ Kxg7 41. Qxh7+ Kf6 42. Qf5+ Kg7 43. Ne6+ Kg8 44. Qg6+ 1-0

[Event "European Rapid 2014"]
[Site "Wroclaw POL"]
[Date "2014.12.20"]
[Round "4.12"]
[White "Gdanski, Jacek"]
[Black "Inarkiev, Ernesto"]
[Result "1/2-1/2"]
[WhiteTitle "GM"]
[BlackTitle "GM"]
[WhiteElo "2500"]
[BlackElo "2680"]
[WhiteFideId "1100106"]
[BlackFideId "4162722"]
[EventDate "2014.12.20"]

1. e4 c5 2. Nc3 d6 3. f4 g6 4. d4 cxd4 5. Qxd4 Nf6 6. e5 Nc6 7. Bb5 dxe5 8.
Qxd8+ Kxd8 9. Bxc6 bxc6 10. fxe5 Nd5 11. Bd2 Bg7 12. Nf3 Bg4 13. Nxd5 cxd5 14.
Bc3 Bxf3 15. gxf3 Rc8 16. O-O-O e6 17. Bd4 Kd7 18. Rhe1 Rc7 19. Rd3 Rf8 20. Ra3
f6 21. exf6 Bxf6 22. Bxf6 Rxf6 23. Ra6 g5 24. Re5 Rg6 25. Kd2 Rh6 26. Rxd5+ Ke7
27. Rxg5 Rxh2+ 28. Ke3 Kf6 29. Rg4 Rcxc2 30. Rf4+ Kg5 31. Rg4+ Kf5 32. Rf4+ Kg5
33. Rg4+ Kf6 34. Rf4+ Kg5 35. Rg4+ 1/2-1/2

[Event "European Rapid 2014"]
[Site "Wroclaw POL"]
[Date "2014.12.20"]
[Round "4.13"]
[White "Edouard, Romain"]
[Black "Meskovs, Nikita"]
[Result "1-0"]
[WhiteTitle "GM"]
[BlackTitle "FM"]
[WhiteElo "2659"]
[BlackElo "2452"]
[WhiteFideId "633429"]
[BlackFideId "11602740"]
[EventDate "2014.12.20"]

1. d4 Nf6 2. c4 e6 3. Nc3 Bb4 4. Nf3 b6 5. Qb3 c5 6. Bg5 O-O 7. e3 Nc6 8. d5 Ne7
9. Bxf6 gxf6 10. O-O-O Ng6 11. a3 Ba5 12. h4 Ne5 13. Nxe5 fxe5 14. g4 Qf6 15.
Ne4 Qf3 16. Qc2 f5 17. Rh3 Qxe4 18. Bd3 Qg2 19. Rg3 Qh2 20. gxf5+ Kh8 21. f6
exd5 22. Bxh7 e4 23. Bxe4 Bb7 24. Bxd5 Bxd5 25. Qg6 Rf7 26. Rxd5 Rh7 27. Qxh7+ 1-0

[Event "European Rapid 2014"]
[Site "Wroclaw POL"]
[Date "2014.12.20"]
[Round "4.14"]
[White "Bologan, Viktor"]
[Black "Skytte, Rasmus"]
[Result "1-0"]
[WhiteTitle "GM"]
[BlackTitle "IM"]
[WhiteElo "2643"]
[BlackElo "2424"]
[WhiteFideId "13900048"]
[BlackFideId "1404210"]
[EventDate "2014.12.20"]

1. e4 g6 2. d4 Bg7 3. Nf3 Nf6 4. Bd3 d5 5. e5 Ne4 6. h3 c5 7. c3 Nc6 8. O-O O-O
9. Nbd2 cxd4 10. cxd4 Bf5 11. Nb3 a5 12. a4 Qb6 13. Be3 Rac8 14. Ne1 Nb4 15. Bb1
f6 16. g4 Bd7 17. Nd3 Nxd3 18. Bxd3 f5 19. f3 f4 20. Bf2 Nxf2 21. Rxf2 Rc7 22.
Kg2 Rfc8 23. Nc5 Qb4 24. Rd2 e6 25. Ra3 Rxc5 26. dxc5 Bc6 27. Re2 Qxc5 28. Rc3
Qd4 29. Qe1 Qxa4 30. Ra3 Qd4 31. Qxa5 Bxe5 32. Rc3 Kf7 33. Qa3 Rd8 34. Rcc2 Bd6
35. Qa5 Re8 36. Rcd2 Qb4 37. Qa2 Kg7 38. b3 e5 39. Qb2 Kg8 40. Rc2 Rf8 41. Kf1
Qb6 42. b4 d4 43. Qb3+ Kg7 44. Kg2 Qxb4 45. Qxb4 Bxb4 46. Rxe5 Ra8 47. Rc4 Ra2+
48. Re2 Rxe2+ 49. Bxe2 Bc3 50. Rc5 Kf6 51. Bb5 Bb4 52. Rc4 1-0

[Event "European Rapid 2014"]
[Site "Wroclaw POL"]
[Date "2014.12.20"]
[Round "4.15"]
[White "Mkrtchian, Lilit"]
[Black "Volokitin, Andrei"]
[Result "0-1"]
[WhiteTitle "IM"]
[BlackTitle "GM"]
[WhiteElo "2450"]
[BlackElo "2626"]
[WhiteFideId "13300601"]
[BlackFideId "14107090"]
[EventDate "2014.12.20"]

1. c4 g6 2. g3 Bg7 3. Bg2 f5 4. Nf3 e5 5. d3 d6 6. Nc3 Nf6 7. O-O O-O 8. Rb1 h6
9. c5 g5 10. cxd6 cxd6 11. Qb3+ Kh8 12. Bd2 Nc6 13. Rbc1 e4 14. Ne1 d5 15. Na4
Qe8 16. Bc3 d4 17. Bb4 Be6 18. Qa3 Nxb4 19. Qxb4 Nd5 20. Qa3 e3 21. Nc5 f4 22.
Qb3 Nc3 23. Qc2 Nxa2 24. Nxe6 Qxe6 25. Ra1 Rac8 26. Qd1 exf2+ 27. Rxf2 fxg3 28.
hxg3 Rxf2 29. Kxf2 Qe3+ 30. Kf1 Be5 31. Nc2 Qxg3 32. Rxa2 Rf8+ 33. Bf3 g4 34.
Ne1 Qh3+ 0-1

[Event "European Rapid 2014"]
[Site "Wroclaw POL"]
[Date "2014.12.20"]
[Round "4.16"]
[White "Navara, David"]
[Black "Dobrowolski, Piotr"]
[Result "1-0"]
[WhiteTitle "GM"]
[BlackTitle "IM"]
[WhiteElo "2727"]
[BlackElo "2434"]
[WhiteFideId "309095"]
[BlackFideId "1106236"]
[EventDate "2014.12.20"]

1. d4 Nf6 2. c4 e6 3. Nf3 b6 4. g3 Ba6 5. b3 Bb4+ 6. Bd2 Be7 7. Nc3 d5 8. cxd5
exd5 9. Bg2 O-O 10. O-O Re8 11. Ne5 c6 12. Re1 Bd6 13. e4 Bb4 14. exd5 Bxc3 15.
Bxc3 Nxd5 16. Qf3 Nf6 17. d5 cxd5 18. Nxf7 Rxe1+ 19. Rxe1 Kxf7 20. Bxf6 gxf6 21.
Qxd5+ Qxd5 22. Bxd5+ Kf8 23. Bxa8 Nd7 24. Rc1 1-0

[Event "European Rapid 2014"]
[Site "Wroclaw POL"]
[Date "2014.12.20"]
[Round "4.17"]
[White "Mihok, Oliver"]
[Black "Gajewski, Grzegorz"]
[Result "0-1"]
[WhiteTitle "IM"]
[BlackTitle "GM"]
[WhiteElo "2464"]
[BlackElo "2643"]
[WhiteFideId "728012"]
[BlackFideId "1116207"]
[EventDate "2014.12.20"]

1. e4 c5 2. Nf3 e6 3. d4 cxd4 4. Nxd4 a6 5. Nc3 Qc7 6. Bd3 Nf6 7. O-O d6 8. Qe2
Be7 9. Kh1 Nbd7 10. f4 b5 11. Bd2 Bb7 12. b4 O-O 13. a4 bxa4 14. Rxa4 Rfc8 15.
Bxa6 Nb6 16. Bxb7 Nxa4 17. Bxa8 Nxc3 18. Qd3 Rxa8 19. Bxc3 d5 20. exd5 Nxd5 21.
Bd2 Bxb4 22. f5 Bxd2 23. Qxd2 e5 24. Nf3 Nf6 25. Re1 e4 26. Nd4 Rd8 27. c3 Ng4
28. g3 e3 29. Rxe3 Nxe3 30. Qxe3 Rc8 31. Ne2 Qc6+ 32. Kg1 Re8 33. Qd3 Qc5+ 34.
Kg2 h6 35. Nd4 Qe5 36. Qf3 Qe3 37. h4 Kh7 38. f6 Qxf3+ 39. Kxf3 gxf6 40. Nb5 Rc8
41. Ke4 Rc5 42. Nd6 Rxc3 43. Nxf7 Rxg3 0-1

[Event "European Rapid 2014"]
[Site "Wroclaw POL"]
[Date "2014.12.20"]
[Round "4.18"]
[White "Bosiocic, Marin"]
[Black "Janaszak, Dawid"]
[Result "1-0"]
[WhiteTitle "GM"]
[BlackTitle "FM"]
[WhiteElo "2555"]
[BlackElo "2363"]
[WhiteFideId "14507927"]
[BlackFideId "1119206"]
[EventDate "2014.12.20"]

1. e4 d5 2. exd5 Qxd5 3. Nc3 Qd6 4. d4 Nf6 5. Nf3 g6 6. Nb5 Qd8 7. Bf4 Na6 8. c4
Bg7 9. Be2 O-O 10. O-O c6 11. Nc3 Bf5 12. h3 Qb6 13. Na4 Qa5 14. a3 b5 15. cxb5
cxb5 16. Nc3 Nc7 17. b4 Qb6 18. Bxc7 Qxc7 19. Nxb5 Qb8 20. Rc1 Bh6 21. Rc3 Ne4
22. Rc2 Nd6 23. Rc5 Ne4 24. Re5 a6 25. Bd3 axb5 26. Bxe4 Bxe4 27. Rxe4 Rxa3 28.
Rxe7 Qd6 29. Rb7 Qxb4 30. Qe2 Rb3 31. Qe5 Bg7 32. Qd5 Qc4 33. Qd7 Qc8 34. Qxc8
Rxc8 35. Rd1 Rd8 36. d5 Bf6 37. d6 b4 38. d7 Rb2 39. Nd2 Kg7 40. Nc4 Rb3 41. Na5
Rc3 42. Rxb4 Rc7 43. Rb7 Rc5 44. Ra7 Bc3 45. Nb7 1-0

[Event "European Rapid 2014"]
[Site "Wroclaw POL"]
[Date "2014.12.20"]
[Round "4.19"]
[White "Bodnaruk, Anastasia"]
[Black "Lysyj, Igor"]
[Result "1-0"]
[WhiteTitle "IM"]
[BlackTitle "GM"]
[WhiteElo "2416"]
[BlackElo "2686"]
[WhiteFideId "4181751"]
[BlackFideId "4150120"]
[EventDate "2014.12.20"]

1. e4 e5 2. Nc3 Nf6 3. g3 d5 4. exd5 Nxd5 5. Bg2 Nxc3 6. bxc3 Nc6 7. Ne2 Bc5 8.
O-O O-O 9. d3 Bg4 10. h3 Be6 11. Be3 Bb6 12. c4 Qd7 13. Kh2 Bxe3 14. fxe3 Ne7
15. Nc3 Rad8 16. Qe2 b6 17. a4 f5 18. a5 Ng6 19. axb6 axb6 20. Ra7 f4 21. exf4
exf4 22. gxf4 Rde8 23. Qe3 Nh4 24. Be4 Nf5 25. Qg1 Nd6 26. Bg2 Qd8 27. c5 Nf5
28. Be4 bxc5 29. Qxc5 Qh4 30. Rf3 Rf7 31. Ne2 Nd6 32. Qf2 Qh6 33. Kg2 Kh8 34.
Ra5 Bf5 35. Bxf5 Nxf5 36. Kh2 Ref8 37. Ra4 Qd6 38. Re4 Ne7 39. Qg3 Qc6 40. c4
Qb6 41. Qf2 Qd6 42. Rd4 Qa6 43. Ng3 Nf5 44. Nxf5 Rxf5 45. Re4 c5 46. Re5 Qd6 47.
Rxf5 Rxf5 48. h4 h6 49. Qe3 Qf6 50. Kh3 Qf7 51. Qe4 Kg8 52. Rf2 Kh8 53. Ra2 g5
54. Qa8+ Qf8 55. fxg5 hxg5 56. Qxf8+ Rxf8 57. hxg5 Rf3+ 58. Kg4 Rxd3 59. Ra7 Kg8
60. Kf5 Rd4 61. Kg6 Kf8 62. Rf7+ Ke8 63. Rc7 Rxc4 64. Kg7 Rc1 65. g6 c4 66. Kh8
c3 67. g7 Rh1+ 68. Kg8 Rh3 69. Rc4 Ke7 70. Re4+ Kd6 71. Rf4 Rg3 72. Rf5 c2 73.
Rf1 Ke7 74. Re1+ Kd7 75. Rh1 Rd3 76. Kh8 Rd1 77. Rh7 c1=Q 78. g8=Q+ Kd6 79. Qd8+
Ke5 80. Re7+ Kf4 81. Rf7+ Kg4 82. Rg7+ Kh3 83. Qg8 Rd4 84. Qe6+ Kh2 85. Qe2+ Kh3
86. Qg2+ Kh4 87. Qh2# 1-0

[Event "European Rapid 2014"]
[Site "Wroclaw POL"]
[Date "2014.12.20"]
[Round "4.21"]
[White "Swiercz, Dariusz"]
[Black "Konopka, Michal"]
[Result "1-0"]
[WhiteTitle "GM"]
[BlackTitle "IM"]
[WhiteElo "2616"]
[BlackElo "2418"]
[WhiteFideId "1126881"]
[BlackFideId "308633"]
[EventDate "2014.12.20"]

1. d4 Nf6 2. c4 g6 3. g3 Bg7 4. Bg2 c6 5. e4 O-O 6. Ne2 d6 7. Nbc3 e5 8. O-O
Nbd7 9. h3 exd4 10. Nxd4 Re8 11. Re1 Qb6 12. Nb3 Ne5 13. Be3 Qa6 14. c5 dxc5 15.
Nxc5 Qa5 16. Qe2 b6 17. Nb3 Qa6 18. f4 Qxe2 19. Rxe2 Nc4 20. e5 Nh5 21. Bf2 Bb7
22. Nd4 Rac8 23. b3 Na5 24. Ne4 Rcd8 25. Ree1 Bf8 26. Rac1 c5 27. Nb5 Bxe4 28.
Bxe4 Rd7 29. Red1 Red8 30. Rxd7 Rxd7 31. Kg2 Ng7 32. Be1 Ne6 33. Nc3 Nc7 34. h4
Bg7 35. Na4 Ne6 36. Bxa5 bxa5 37. Nxc5 Rd2+ 38. Kf3 Rxa2 39. Nxe6 fxe6 40. Rc6
Ra3 41. Rxe6 Rxb3+ 42. Kg4 Rb6 43. Re8+ Bf8 44. Ra8 a4 45. Bd5+ Kg7 46. Rxa7+
Kh6 47. Rxa4 Rb4 48. Ra7 Bc5 49. Rc7 Bb6 50. Rd7 Rd4 51. h5 gxh5+ 52. Kf5 Bc5
53. e6 Rd3 54. g4 hxg4 55. Kxg4 Rd2 56. Kf5 Bb4 57. Kf6 Rf2 58. Ke5 Re2+ 59. Be4
Kh5 60. Rxh7+ Kg4 61. Rg7+ Kh4 62. Kf5 Bd6 63. e7 Bxe7 64. Rxe7 1-0

[Event "European Rapid 2014"]
[Site "Wroclaw POL"]
[Date "2014.12.20"]
[Round "4.22"]
[White "Brodowski, Piotr"]
[Black "Miton, Kamil"]
[Result "0-1"]
[BlackTitle "GM"]
[WhiteElo "2425"]
[BlackElo "2601"]
[WhiteFideId "1124480"]
[BlackFideId "1111914"]
[EventDate "2014.12.20"]

1. c4 e5 2. Nc3 Nc6 3. g3 f5 4. Bg2 Nf6 5. d3 Bb4 6. Bd2 Bxc3 7. Bxc3 d6 8. Nf3
O-O 9. O-O Qe8 10. Qc2 f4 11. d4 fxg3 12. hxg3 e4 13. Nh2 Bf5 14. g4 Bg6 15. Qb3
Rb8 16. Rae1 h5 17. g5 Nh7 18. f4 Ne7 19. e3 Kh8 20. d5 Nf5 21. Rf2 Rf7 22. Qd1
Nf8 23. Nf1 Nd7 24. b4 a5 25. a3 axb4 26. axb4 b5 27. Qc2 Re7 28. Nd2 Ng3 29.
Kh2 h4 30. Kh3 bxc4 31. Kxh4 Nf5+ 32. Kh3 Nb6 33. Bxe4 Qf7 34. Rh2 Kg8 35. Kg4
Rxe4 36. Nxe4 Nxd5 37. Kf3 Nfxe3 0-1

[Event "European Rapid 2014"]
[Site "Wroclaw POL"]
[Date "2014.12.20"]
[Round "4.23"]
[White "Guliyev, Namig"]
[Black "Putka, Verners"]
[Result "1-0"]
[WhiteTitle "GM"]
[WhiteElo "2557"]
[BlackElo "2345"]
[WhiteFideId "13400363"]
[BlackFideId "11600659"]
[EventDate "2014.12.20"]

1. e4 e5 2. Nf3 Nf6 3. Nxe5 d6 4. Nf3 Nxe4 5. d4 d5 6. Bd3 Nc6 7. O-O Be7 8. Nc3
f5 9. Ne2 Be6 10. Nf4 Bf7 11. Bb5 g5 12. Nd3 Bh5 13. Nde5 Qd6 14. c4 dxc4 15.
Qa4 O-O 16. Qxc4+ Kh8 17. Nxc6 bxc6 18. Bxc6 Rab8 19. Bxe4 fxe4 20. Nxg5 Bxg5
21. Bxg5 Rxb2 22. Qc3 Rb5 23. Bh4 Rf7 24. Bg3 Qd7 25. Rfe1 Bg6 26. Rac1 Rb7 27.
d5+ Kg8 28. Qc6 Rb5 29. Qa8+ Rf8 30. Qxa7 Qxd5 31. Rxc7 Ra5 32. Qe3 Rxa2 33. Qh6
Qd4 34. Qe3 Qxe3 35. fxe3 Rf7 36. Rc8+ Kg7 37. Be5+ Kh6 38. Bf4+ Kg7 39. Rec1
Rd7 40. R8c7 Rxc7 41. Rxc7+ Kf6 42. Rc6+ Kf7 43. h3 Ra1+ 44. Kh2 Ra2 45. Be5 Ke7
46. Bd4 Kd7 47. Rb6 Rc2 48. Kg3 Ra2 49. Rb5 Kc6 50. Rg5 Ra8 51. Kh4 Rg8 52. g4
Rf8 53. Rc5+ Kd7 54. Kg5 Rg8 55. Kh6 Kd6 56. h4 Be8 57. g5 Bg6 58. Re5 Re8 59.
Rxe8 Bxe8 60. Kxh7 Bd7 61. h5 Ke7 62. g6 Bf5 63. Kg7 1-0

[Event "European Rapid 2014"]
[Site "Wroclaw POL"]
[Date "2014.12.20"]
[Round "4.24"]
[White "Sadzikowski, Daniel"]
[Black "Moranda, Wojciech"]
[Result "0-1"]
[WhiteTitle "IM"]
[BlackTitle "GM"]
[WhiteElo "2492"]
[BlackElo "2591"]
[WhiteFideId "1132253"]
[BlackFideId "1122401"]
[EventDate "2014.12.20"]

1. e4 d6 2. Nc3 e5 3. Nf3 Nf6 4. d4 Nbd7 5. Bc4 Be7 6. O-O Nb6 7. Be2 exd4 8.
Nxd4 O-O 9. a4 a5 10. f4 Re8 11. Bf3 c6 12. b3 Bf8 13. Bb2 Nbd7 14. Qd2 Nc5 15.
Rfe1 Bg4 16. Bxg4 Nxg4 17. Rad1 Qb6 18. Kh1 Rad8 19. Qe2 Nf6 20. Qf3 g6 21. e5
dxe5 22. fxe5 Nd5 23. Rf1 Re7 24. Nxd5 Rxd5 25. e6 f5 26. c4 Rd8 27. Nxf5 gxf5
28. Qg3+ Bg7 29. Bxg7 Rxg7 30. Qe5 Re8 31. Qxf5 Nxe6 32. Rde1 c5 33. Re2 Qc6 34.
Rfe1 Rg6 35. h4 Rf8 0-1

[Event "European Rapid 2014"]
[Site "Wroclaw POL"]
[Date "2014.12.20"]
[Round "4.25"]
[White "Deviatkin, Andrei"]
[Black "Butkiewicz, Lukasz"]
[Result "1-0"]
[WhiteTitle "GM"]
[BlackTitle "IM"]
[WhiteElo "2528"]
[BlackElo "2422"]
[WhiteFideId "4121260"]
[BlackFideId "1122428"]
[EventDate "2014.12.20"]

1. e4 c5 2. c3 g6 3. d4 cxd4 4. cxd4 Bg7 5. Nc3 d6 6. h3 Nf6 7. Nf3 O-O 8. Be2
b6 9. O-O Bb7 10. d5 Nbd7 11. Nd4 Rc8 12. Re1 Rxc3 13. bxc3 Nxe4 14. c4 Nc3 15.
Qd3 Nxe2+ 16. Rxe2 Ne5 17. Qb3 Qc8 18. Rc2 Nf3+ 19. Qxf3 Bxd4 20. Rb1 Ba6 21.
Qe4 Bf6 22. Bb2 Bxb2 23. Rbxb2 Qc7 24. Rb3 Rc8 25. Re3 Bxc4 26. Qxe7 Qxe7 27.
Rxe7 Rc5 28. Rxa7 Bxd5 29. Rxc5 dxc5 30. a3 b5 31. Rc7 c4 32. Rc5 Be4 33. Rxb5
c3 34. Rc5 c2 35. f3 Bd3 36. Kf2 g5 37. Ke3 Bg6 38. Kd2 1-0